| 000 | 00351nam a22001457a 4500 | ||
|---|---|---|---|
| 020 | _a93-80696-80-5 | ||
| 082 |
_a894.812 _bPAZ/K |
||
| 100 | _aPAZHOOKKARAN, JOSE | ||
| 245 | _aKAPPIMOOPPANTE KADANUBHAVANGAL | ||
| 260 |
_aKANNUR _bKAIRALI BOOKS _c2012 |
||
| 300 | _a106 | ||
| 520 | _aABUBHAVAKKURIPPUKAL | ||
| 650 | _aANUBHAVAKKURIPPUKAL | ||
| 942 | _cBK | ||
| 999 |
_c5524 _d5524 |
||